000 00945 a2200301 4500
003 Nust
005 20170207154034.0
020 _a0-89006-395-8 (inb.)
040 _cNust
082 0 _a005.74
082 0 _a005.74
100 _aMario Piattini, Oscar Diaz, editors
245 1 0 _aAdvanced database technology and design (E-Book)
_cMario Piattini, Oscar Diaz, editors
260 _aBoston :
_bArtech House,
_ccop. 2000
300 _axvii, 535 s. :
_bill. ;
_c23cm
490 0 _aArtech House computing library
505 _aPart I: Fundamentals (Page-1) Part II: Advanced Technologies (Page-59) Part III: Advanced Design Issues (Page-437)
650 7 _aDatabase design
650 7 _adatabaser
650 7 _adatabaser
650 7 _aDatabases
650 7 _aDatabashantering
650 7 _aDatabashantering
650 7 _aDatabashanteringssystem
651 _a(E-Book)
700 1 _aDiaz, Oscar
_4oth
700 1 _aPiattini, Mario G.
_4oth
942 _2ddc
_cBK
999 _c192289
_d192289